P.R. Vademecum

Salvato in:
Dettagli Bibliografici
Natura: Libro
Lingua:spagnolo
Pubblicazione: Santiago RL 1997
Edizione:4a. ed
Soggetti:
Tags: Aggiungi Tag
Nessun Tag, puoi essere il primo ad aggiungerne!!

MARC

LEADER 00000nam a2200000 a 4500
001 UCQ1695
003 CL-VaPUC
008 980721e19970000CL |||||||||||||||||spa|d
082 0 4 |a 615.329  |b PRV  |2 21 
245 1 0 |a P.R. Vademecum 
250 |a 4a. ed 
300 |a 1153 p 
942 |c BK 
945 |d 19980721 00:00:00  |a mvenant 
260 |a Santiago  |b RL  |c 1997 
500 |a Acompaña CD-Rom 
650 7 |a PRODUCTOS FARMACEUTICOS  |2 CL-VaPUC  |9 334377 
650 7 |a REMEDIOS  |2 CL-VaPUC  |9 415428 
650 7 |a DIRECTORIOS  |2 CL-VaPUC  |9 257460 
650 7 |a FARMACEUTICA  |2 CL-VaPUC  |9 415429 
583 |a last modification  |c 19980721 00:00:00  |k Rodrigo Vera 
999 |c 272543  |d 272541 
952 |0 0  |1 0  |4 0  |6 615_329000000000000_PRV_1997  |7 0  |8 A  |9 307640  |a BIBCUR  |b BIBCUR  |d 2019-11-20  |i 3445240  |o 615.329 PRV 1997  |p 3445240  |r 2025-04-22  |w 2019-11-20  |y BK  |k TEM